Účtovníctvo rozpočtových a príspevkových organizácií

Salvato in:
Dettagli Bibliografici
Autore principale: Kovalčíková, Antónia
Ente Autore: Ekonomická univerzita v Bratislave. Fakulta hospodárskej informatiky
Altri autori: Kordošová, Alena, 1970-
Natura: Libro
Lingua:slovacco
Pubblicazione: Bratislava Ekonomická univerzita 1994
Edizione:1. vyd.
Soggetti:
Tags: Aggiungi Tag
Nessun Tag, puoi essere il primo ad aggiungerne!!

MARC

LEADER 00000nam a2200000 4500
001 c009400
005 20221214075022.7
020 |a 80-225-0616-8 
041 0 |a slo 
044 |a SK 
245 1 0 |a Účtovníctvo rozpočtových a príspevkových organizácií  |c Antónia Kovalčíková, Alena Kordošová 
250 |a 1. vyd. 
264 1 |a Bratislava  |b Ekonomická univerzita  |c 1994 
300 |a 213 s. 
610 2 0 |a účtovníctvo 
610 2 0 |a organizácie neziskové 
610 2 0 |a organizácie príspevkové 
100 1 |a Kovalčíková, Antónia 
700 1 |a Kordošová, Alena, 1970- 
710 2 |a Ekonomická univerzita v Bratislave. Fakulta hospodárskej informatiky